| 000 | 00743nam a2200229Ia 4500 | ||
|---|---|---|---|
| 003 | GCL | ||
| 008 | 140319s9999 xx 000 0 ara d | ||
| 020 | _a9590208977 | ||
| 040 |
_aGCL / _cGCL |
||
| 082 | 0 | 4 |
_a213 _bن د |
| 100 | 1 | _aنيازى عزالدين | |
| 245 | 1 | 0 |
_aدين السلطان : _bالبرهان / _cنيازى عزالدين |
| 250 | _aالثانية | ||
| 260 |
_aالقاهرة : _bمكتبة مدبولى ، _c2006 |
||
| 300 |
_a980 ص ؛ _c24 سم |
||
| 650 | 0 | 4 | _aالاخلاق الاسلامية |
| 650 | 0 | 4 | _aالاسلام والاصلاح الدينى |
| 650 | 0 | 4 | _aالمسلمون |
| 650 | 0 | 4 | _aالاسلام - دفع مطاعن |
| 650 | 0 | 4 | _aالاسلام - مبادىء عامة |
| 942 |
_2ddc _cBK |
||
| 999 |
_c9489 _d9489 |
||